000 00508nam a2200193Ia 4500
003 GCL
008 140319s9999 xx 000 0 eng d
040 _aGCL /
_cGCL
082 0 4 _a751.4
_bC H
100 1 _aCASSELS, JULIA
245 1 0 _aHOW TO CAPTURE MOVEMENT IN YOUR PAINTINGS ? /
_cCASSELS, JULIA
260 _a[S.N] :
_bNORTH LIGHT BOOKS ،
_c1996
300 _a149 P
650 0 4 _aARTS
650 0 4 _aPAINTING
650 0 4 _aPAINTING - TECHNIQUE
650 0 4 _aMOVEMENT - PAINTING
942 _2ddc
_cBK
999 _c15675
_d15675